000
00323nam a22001337a 4500
008
170531b xxu||||| |||| 00| 0 eng d
020
_a
9780345455819
041
_a
eng
080
_a
94
100
_a
17
101
_a
SHH
245
_a
MARK KURLANSKY THE YEAR THAT ROCKED THE WORLD
_c
KURLANSKY.M
942
_2
udc
_c
BK
999
_c
15115
_d
15115